The medieval university ; masters, students, learning.

Bibliographic Details
Main Author: Wieruszowski, Helene
Format: Book
Language:English
Published: Princeton, N.J. : Van Nostrand, [1966]
Series:An Anvil original, 90
Subjects:

MARC

Tag First Indicator Second Indicator Subfields
LEADER 00000cam a22000001 4500
001 in00000056080
005 20151008052354.0
008 711012s1966 nju b 00000 eng
010 |a  66003431  
035 |a (OCoLC)00175365 
035 |9 AAH3032AM 
040 |a DLC  |c DLC  |d TXA  |d UtOrBLW 
049 |a TXAM  |c [466855] 
050 0 0 |a LA177  |b .W5 
082 1 |a 378.4 
092 |a 378.4  |b W648m, 1966 
100 1 |a Wieruszowski, Helene. 
245 1 4 |a The medieval university ;  |b masters, students, learning. 
264 1 |a Princeton, N.J. :  |b Van Nostrand,  |c [1966] 
300 |a 207 pages ;  |c 19 cm. 
336 |a text  |b txt  |2 rdacontent 
337 |a unmediated  |b n  |2 rdamedia 
338 |a volume  |b nc  |2 rdacarrier 
490 0 |a An Anvil original, 90 
504 |a Bibliography: pages 200-201. 
650 0 |a Universities and colleges  |z Europe  |x History. 
650 0 |a Education, Medieval. 
999 |a MARS 
999 f f |s 6b3996fc-3601-3b34-90b0-5dde1962f819  |i ae399143-6e11-34ef-8cd0-38b146609e9b  |t 0 
952 f f |p normal  |a Texas A&M University  |b College Station  |c Sterling C. Evans Library  |d Evans: Library Stacks  |t 0  |e LA177 .W5  |h Library of Congress classification  |i unmediated -- volume  |m A14800863489 
998 f f |a LA177 .W5  |t 0  |l Evans: Library Stacks